[Event "DVM U10 2016"]
[Site "Magdeburg GER"]
[Date "2016.12.29"]
[Round "6"]
[White "Gutewort, Paul Emil"]
[Black "Klühs, Gustaf"]
[Result "1/2-1/2"]
[Termination "normal"]
[Board "1.1"]
[WhiteElo "1506"]
[BlackElo "1620"]
[WhiteClock "00:43:18"]
[BlackClock "00:39:43"]
[WhiteTeam "SF Nordost Berlin 1"]
[BlackTeam "SC Borussia 1920 Friedrichsfelde"]
[PlyCount "43"]
[WhiteFideId "16204182"]
[BlackFideId "16228936"]
[EventCountry "GER"]
[EventRounds "7"]
[EventType "team-swiss"]
[EventDate "2016.12.27"]

1. d4 {[%clk 0:59:59]} Nf6 {[%clk 0:59:54]} 2. c4 {[%clk 0:59:54]} e6 {[%clk
0:59:37]} 3. Nc3 {[%clk 0:59:45]} b6 {[%clk 0:59:26]} 4. Nf3 {[%clk 0:59:07]}
Bb7 {[%clk 0:59:17]} 5. Bf4 {[%clk 0:58:57]} Be7 {[%clk 0:59:08]} 6. e3 {[%clk
0:58:52]} d5 {[%clk 0:59:02]} 7. Bd3 {[%clk 0:57:12]} Nbd7 {[%clk 0:58:48]} 8.
Rc1 {[%clk 0:56:48]} c5 {[%clk 0:58:25]} 9. O-O {[%clk 0:56:39]} O-O {[%clk
0:58:20]} 10. Re1 {[%clk 0:55:23]} h6 {[%clk 0:56:32]} 11. a3 {[%clk 0:54:29]}
Re8 {[%clk 0:52:08]} 12. Qd2 {[%clk 0:52:31]} Nf8 {[%clk 0:51:12]} 13. Bg3
{[%clk 0:50:40]} dxc4 {[%clk 0:50:37]} 14. Bxc4 {[%clk 0:50:08]} Bxf3 {[%clk
0:49:43]} 15. gxf3 {[%clk 0:50:00]} a6 {[%clk 0:49:07]} 16. a4 {[%clk 0:49:10]}
cxd4 {[%clk 0:48:48]} 17. Qxd4 {[%clk 0:48:56]} Qxd4 {[%clk 0:48:36]} 18. exd4
{[%clk 0:48:50]} Nh5 {[%clk 0:47:16]} 19. Red1 {[%clk 0:47:33]} Nxg3 20. fxg3
{[%clk 0:47:19]} Bf6 {[%clk 0:41:22]} 21. Ne4 {[%clk 0:45:12]} Nh7 {[%clk
0:39:43]} 22. Nxf6+ {[%clk 0:43:18]} 1/2-1/2

[Event "DVM U10 2016"]
[Site "Magdeburg GER"]
[Date "2016.12.29"]
[Round "6"]
[White "Reichmann, Felix"]
[Black "Ermitsch, Magnus"]
[Result "1-0"]
[Termination "normal"]
[Board "1.3"]
[WhiteElo "1450"]
[BlackElo "1122"]
[WhiteClock "00:50:18"]
[BlackClock "00:08:17"]
[WhiteTeam "SF Nordost Berlin 1"]
[BlackTeam "SC Borussia 1920 Friedrichsfelde"]
[PlyCount "87"]
[WhiteFideId "16238290"]
[BlackFideId "16234464"]
[EventCountry "GER"]
[EventRounds "7"]
[EventType "team-swiss"]
[EventDate "2016.12.27"]

1. c4 {[%clk 0:59:59]} Nf6 {[%clk 0:59:53]} 2. g3 {[%clk 0:59:54]} g6 {[%clk
0:59:38]} 3. Bg2 {[%clk 0:59:48]} Bg7 {[%clk 0:59:29]} 4. Nc3 {[%clk 0:59:44]}
O-O {[%clk 0:59:20]} 5. Nf3 {[%clk 0:59:42]} d6 {[%clk 0:58:53]} 6. O-O {[%clk
0:59:37]} Nbd7 {[%clk 0:58:36]} 7. d4 {[%clk 0:59:31]} a5 {[%clk 0:57:57]} 8.
b3 {[%clk 0:58:45]} c5 {[%clk 0:57:33]} 9. Bb2 {[%clk 0:58:36]} cxd4 {[%clk
0:54:58]} 10. Nxd4 {[%clk 0:58:05]} Nc5 {[%clk 0:54:25]} 11. Rc1 {[%clk
0:57:14]} e5 {[%clk 0:48:30]} 12. Ndb5 {[%clk 0:56:28]} Ne8 {[%clk 0:37:46]}
13. Ne4 {[%clk 0:55:56]} Nxe4 {[%clk 0:35:17]} 14. Bxe4 {[%clk 0:55:52]} f5
{[%clk 0:34:45]} 15. Bg2 {[%clk 0:55:21]} Rf6 {[%clk 0:34:28]} 16. Bxe5 {[%clk
0:55:06]} Rf8 {[%clk 0:32:45]} 17. Bxd6 {[%clk 0:54:13]} Nxd6 {[%clk 0:30:30]}
18. Nxd6 {[%clk 0:53:37]} Be5 {[%clk 0:26:57]} 19. Qd5+ {[%clk 0:53:29]} Kg7
{[%clk 0:23:46]} 20. Qxe5+ {[%clk 0:53:22]} Rf6 {[%clk 0:23:18]} 21. Ne8+
{[%clk 0:53:12]} Kf7 {[%clk 0:22:47]} 22. Bd5+ {[%clk 0:52:23]} Be6 {[%clk
0:22:07]} 23. Qxf6+ {[%clk 0:52:19]} Qxf6 {[%clk 0:21:45]} 24. Nxf6 {[%clk
0:52:14]} Kxf6 {[%clk 0:21:29]} 25. Bxe6 {[%clk 0:52:09]} Kxe6 {[%clk 0:21:15]}
26. Rcd1 {[%clk 0:52:07]} a4 {[%clk 0:19:52]} 27. b4 {[%clk 0:51:54]} Rc8
{[%clk 0:19:39]} 28. c5 {[%clk 0:51:50]} Re8 {[%clk 0:16:47]} 29. Rd6+ {[%clk
0:51:21]} Kf7 {[%clk 0:16:26]} 30. e3 {[%clk 0:51:14]} Re7 {[%clk 0:15:46]} 31.
Rfd1 {[%clk 0:51:08]} Ke8 {[%clk 0:12:53]} 32. Rd8+ {[%clk 0:51:03]} Kf7 {[%clk
0:12:37]} 33. R1d7 {[%clk 0:50:49]} Kf6 {[%clk 0:11:55]} 34. Rxe7 {[%clk
0:50:38]} Kxe7 {[%clk 0:11:43]} 35. Rh8 {[%clk 0:50:36]} Kf6 {[%clk 0:11:17]}
36. Rxh7 {[%clk 0:50:34]} Ke5 {[%clk 0:10:57]} 37. Rxb7 {[%clk 0:50:32]} Ke4
{[%clk 0:10:42]} 38. c6 {[%clk 0:50:29]} Kf3 {[%clk 0:10:32]} 39. c7 {[%clk
0:50:27]} Ke4 {[%clk 0:09:49]} 40. c8=Q {[%clk 0:50:24]} Kf3 {[%clk 0:09:34]}
41. Qc6+ {[%clk 0:50:20]} Ke2 {[%clk 0:09:16]} 42. Rd7 {[%clk 0:50:19]} Ke1
{[%clk 0:08:38]} 43. Qc1+ {[%clk 0:50:18]} Ke2 {[%clk 0:08:17]} 44. Qd1# 1-0

[Event "DVM U10 2016"]
[Site "Magdeburg GER"]
[Date "2016.12.29"]
[Round "6"]
[White "Neumann, Jasper"]
[Black "Beck, Felix"]
[Result "0-1"]
[Termination "normal"]
[Board "1.4"]
[WhiteElo "1011"]
[BlackElo "1254"]
[WhiteClock "00:47:12"]
[BlackClock "01:00:00"]
[WhiteTeam "SC Borussia 1920 Friedrichsfelde"]
[BlackTeam "SF Nordost Berlin 1"]
[PlyCount "84"]
[BlackFideId "16255364"]
[EventCountry "GER"]
[EventRounds "7"]
[EventType "team-swiss"]
[EventDate "2016.12.27"]

1. e4 {[%clk 0:59:59]} c6 {[%clk 0:59:57]} 2. d4 {[%clk 0:59:54]} d5 {[%clk
0:59:51]} 3. Nc3 {[%clk 0:59:44]} dxe4 {[%clk 0:59:17]} 4. Nxe4 {[%clk
0:59:35]} Bf5 {[%clk 0:59:06]} 5. Ng3 {[%clk 0:59:24]} Bg6 {[%clk 0:58:52]} 6.
Nf3 {[%clk 0:59:16]} Nd7 {[%clk 0:58:30]} 7. Nh4 {[%clk 0:59:04]} Ngf6 {[%clk
0:57:19]} 8. Nxg6 {[%clk 0:58:52]} hxg6 {[%clk 0:57:04]} 9. Bf4 {[%clk
0:58:37]} e6 {[%clk 0:55:50]} 10. Bd3 {[%clk 0:58:11]} Nd5 {[%clk 0:54:36]} 11.
Bd2 {[%clk 0:57:20]} Qc7 {[%clk 0:53:54]} 12. Qe2 {[%clk 0:57:05]} Bd6 {[%clk
0:52:38]} 13. O-O-O {[%clk 0:56:43]} O-O-O {[%clk 0:50:44]} 14. Qe1 {[%clk
0:56:32]} Rde8 {[%clk 0:47:32]} 15. Ba5 {[%clk 0:56:15]} b6 {[%clk 0:43:08]}
16. Ba6+ {[%clk 0:56:05]} Kb8 {[%clk 0:41:55]} 17. Bd2 {[%clk 0:55:35]} e5
{[%clk 0:39:07]} 18. Ne4 {[%clk 0:55:14]} exd4 {[%clk 0:37:53]} 19. f3 {[%clk
0:54:49]} f5 {[%clk 0:36:26]} 20. g3 {[%clk 0:54:33]} fxe4 {[%clk 0:35:57]} 21.
fxe4 {[%clk 0:54:21]} N5f6 {[%clk 0:35:23]} 22. Bd3 {[%clk 0:53:31]} Nc5 {[%clk
0:33:54]} 23. Qe2 {[%clk 0:52:23]} Ncxe4 {[%clk 0:30:43]} 24. Rhe1 {[%clk
0:51:54]} Nxd2 {[%clk 0:29:48]} 25. Qxd2 {[%clk 0:51:41]} Nd5 {[%clk 0:24:36]}
26. Bxg6 {[%clk 0:51:24]} Re7 {[%clk 0:22:30]} 27. Bf5 {[%clk 0:50:36]} Ne3
{[%clk 0:21:14]} 28. Bd3 {[%clk 0:50:10]} Nxd1 {[%clk 0:20:24]} 29. Rxe7 {[%clk
0:49:51]} Qxe7 {[%clk 0:20:13]} 30. Qxd1 {[%clk 0:49:45]} Rxh2 {[%clk 0:19:47]}
31. Qg1 {[%clk 0:49:26]} Qe3+ {[%clk 0:18:58]} 32. Qxe3 {[%clk 0:49:06]} dxe3
{[%clk 0:18:52]} 33. Kd1 {[%clk 0:49:02]} Bxg3 {[%clk 0:18:35]} 34. Bb5 {[%clk
0:48:52]} cxb5 {[%clk 0:18:19]} 35. a4 {[%clk 0:48:33]} e2+ {[%clk 0:18:11]}
36. Kd2 {[%clk 0:48:25]} e1=Q+ {[%clk 0:18:05]} 37. Kd3 {[%clk 0:48:17]} Rd2+
{[%clk 0:17:58]} 38. Kc3 {[%clk 0:48:03]} Qe3+ {[%clk 0:17:50]} 39. Kb4 {[%clk
0:47:47]} Rd4+ {[%clk 0:17:41]} 40. c4 {[%clk 0:47:35]} Rxc4+ {[%clk 0:17:32]}
41. Kxb5 {[%clk 0:47:22]} Qb3+ {[%clk 0:17:22]} 42. Ka6 {[%clk 0:47:12]} Rxa4#
{[%clk 1:00:00]} 0-1

[Event "DVM U10 2016"]
[Site "Magdeburg GER"]
[Date "2016.12.29"]
[Round "6"]
[White "Raasch, Hauke"]
[Black "Fuhrmann, Bahne"]
[Result "1-0"]
[Termination "normal"]
[Board "2.2"]
[WhiteElo "1587"]
[BlackElo "1276"]
[WhiteClock "00:14:45"]
[BlackClock "00:03:35"]
[WhiteTeam "SC Eintracht Berlin"]
[BlackTeam "Hamburger SK 1"]
[PlyCount "142"]
[WhiteFideId "16210034"]
[BlackFideId "16244842"]
[EventCountry "GER"]
[EventRounds "7"]
[EventType "team-swiss"]
[EventDate "2016.12.27"]

1. e4 {[%clk 0:59:52]} c5 {[%clk 0:59:49]} 2. Nc3 {[%clk 0:59:45]} a6 {[%clk
0:59:33]} 3. a4 {[%clk 0:59:33]} e6 {[%clk 0:59:02]} 4. g3 {[%clk 0:59:26]} Qc7
{[%clk 0:58:43]} 5. d3 {[%clk 0:59:01]} Nf6 {[%clk 0:58:11]} 6. Bg2 {[%clk
0:58:50]} Nc6 {[%clk 0:57:22]} 7. Nge2 {[%clk 0:58:33]} Be7 {[%clk 0:56:29]} 8.
O-O {[%clk 0:58:21]} O-O {[%clk 0:56:02]} 9. h3 {[%clk 0:58:09]} b6 {[%clk
0:55:16]} 10. Be3 {[%clk 0:57:44]} Bb7 {[%clk 0:54:41]} 11. f4 {[%clk 0:57:09]}
d6 {[%clk 0:54:08]} 12. g4 {[%clk 0:56:45]} Qd7 {[%clk 0:50:10]} 13. Ng3 {[%clk
0:54:44]} Ne8 {[%clk 0:48:32]} 14. f5 {[%clk 0:54:30]} e5 {[%clk 0:48:05]} 15.
g5 {[%clk 0:53:34]} g6 {[%clk 0:47:30]} 16. f6 {[%clk 0:53:18]} Bd8 {[%clk
0:47:19]} 17. h4 {[%clk 0:52:55]} Bc8 {[%clk 0:42:45]} 18. Bf3 {[%clk 0:50:30]}
Qh3 {[%clk 0:41:19]} 19. Kf2 {[%clk 0:49:52]} Qh2+ {[%clk 0:37:51]} 20. Bg2
{[%clk 0:49:40]} Qxh4 {[%clk 0:37:45]} 21. Rh1 {[%clk 0:49:05]} Qg4 {[%clk
0:37:29]} 22. Bf3 {[%clk 0:48:41]} Qd7 {[%clk 0:36:45]} 23. Rh6 {[%clk
0:48:17]} Nxf6 {[%clk 0:34:51]} 24. gxf6 {[%clk 0:47:42]} Bxf6 {[%clk 0:34:24]}
25. Qh1 {[%clk 0:47:15]} Rd8 {[%clk 0:32:36]} 26. Nd5 {[%clk 0:46:02]} Qe6
{[%clk 0:28:45]} 27. Nc7 {[%clk 0:45:10]} Qd7 {[%clk 0:28:12]} 28. Nxa8 {[%clk
0:45:03]} Qb7 29. Rxh7 {[%clk 0:44:29]} Kf8 {[%clk 0:27:15]} 30. Rh8+ {[%clk
0:37:31]} Ke7 {[%clk 0:26:22]} 31. Rxd8 {[%clk 0:37:18]} Kxd8 {[%clk 0:26:00]}
32. Nxb6 {[%clk 0:36:13]} Qxb6 {[%clk 0:25:31]} 33. b3 {[%clk 0:35:47]} Nb4
{[%clk 0:24:00]} 34. Qc1 {[%clk 0:34:21]} Qc7 {[%clk 0:22:03]} 35. Bd2 {[%clk
0:34:06]} Qb6 {[%clk 0:21:02]} 36. Bxb4 {[%clk 0:32:51]} cxb4+ {[%clk 0:20:45]}
37. Qe3 {[%clk 0:32:16]} Qc6 {[%clk 0:20:11]} 38. Rc1 {[%clk 0:31:42]} Qc3
{[%clk 0:19:46]} 39. Ke2 {[%clk 0:29:43]} Bh4 {[%clk 0:16:15]} 40. Nf1 {[%clk
0:28:49]} f6 {[%clk 0:18:19]} 41. Qd2 {[%clk 0:24:02]} Qd4 {[%clk 0:17:09]} 42.
Ne3 {[%clk 0:22:38]} Bg5 {[%clk 0:16:23]} 43. Rh1 {[%clk 0:21:34]} Be6 {[%clk
0:15:12]} 44. Rg1 {[%clk 0:20:19]} a5 {[%clk 0:13:52]} 45. Rxg5 {[%clk
0:19:52]} fxg5 {[%clk 0:13:44]} 46. Nc4 {[%clk 0:19:36]} Bxc4 {[%clk 0:12:36]}
47. dxc4 {[%clk 0:19:04]} Qxd2+ {[%clk 0:11:17]} 48. Kxd2 {[%clk 0:18:52]} Kc7
{[%clk 0:11:13]} 49. c3 {[%clk 0:18:47]} Kb6 {[%clk 0:10:56]} 50. cxb4 {[%clk
0:18:38]} axb4 {[%clk 0:10:45]} 51. Bg4 {[%clk 0:18:31]} Kc5 {[%clk 0:09:53]}
52. Kd3 {[%clk 0:18:23]} Kb6 {[%clk 0:09:40]} 53. Be6 {[%clk 0:18:14]} Kc5
{[%clk 0:09:01]} 54. Bf7 {[%clk 0:18:08]} g4 {[%clk 0:08:53]} 55. Ke3 {[%clk
0:17:53]} g3 {[%clk 0:08:28]} 56. Kf3 {[%clk 0:17:47]} Kd4 {[%clk 0:08:24]} 57.
Kxg3 {[%clk 0:17:40]} Kc3 {[%clk 0:07:23]} 58. Kg4 {[%clk 0:17:32]} Kxb3 {[%clk
0:07:12]} 59. c5+ {[%clk 0:17:25]} Kxa4 {[%clk 0:05:58]} 60. cxd6 {[%clk
0:17:12]} b3 {[%clk 0:04:49]} 61. Bxb3+ {[%clk 0:16:49]} Kxb3 {[%clk 0:04:47]}
62. d7 {[%clk 0:16:36]} Kc3 {[%clk 0:04:27]} 63. d8=Q {[%clk 0:16:26]} g5
{[%clk 0:04:24]} 64. Qxg5 {[%clk 0:16:08]} Kd4 {[%clk 0:04:20]} 65. Qf5 {[%clk
0:15:48]} Ke3 {[%clk 0:04:09]} 66. Qxe5 {[%clk 0:15:34]} Kf2 {[%clk 0:04:06]}
67. Qg3+ {[%clk 0:15:18]} Ke2 {[%clk 0:04:04]} 68. e5 {[%clk 0:15:09]} Kf1
{[%clk 0:03:48]} 69. Qh2 {[%clk 0:15:05]} Ke1 {[%clk 0:03:46]} 70. e6 Kf1 71.
e7 {[%clk 0:14:45]} Ke1 {[%clk 0:03:35]} 1-0

[Event "DVM U10 2016"]
[Site "Magdeburg GER"]
[Date "2016.12.29"]
[Round "6"]
[White "Toma, Yanis"]
[Black "Hoffmann, Kay"]
[Result "1-0"]
[Termination "normal"]
[Board "2.3"]
[WhiteElo "1386"]
[BlackElo "1059"]
[WhiteClock "00:00:17"]
[BlackClock "00:36:02"]
[WhiteTeam "Hamburger SK 1"]
[BlackTeam "SC Eintracht Berlin"]
[PlyCount "123"]
[WhiteFideId "16215460"]
[BlackFideId "16227000"]
[EventCountry "GER"]
[EventRounds "7"]
[EventType "team-swiss"]
[EventDate "2016.12.27"]

1. e4 {[%clk 0:59:59]} e5 {[%clk 0:59:55]} 2. Nf3 {[%clk 0:59:53]} Nc6 {[%clk
0:59:48]} 3. Bc4 {[%clk 0:59:47]} Bc5 {[%clk 0:59:36]} 4. d3 {[%clk 0:59:29]}
h6 {[%clk 0:59:22]} 5. O-O {[%clk 0:58:53]} Nf6 {[%clk 0:59:09]} 6. c3 {[%clk
0:58:39]} d6 {[%clk 0:58:54]} 7. b4 {[%clk 0:58:26]} Bb6 {[%clk 0:58:42]} 8.
Nbd2 {[%clk 0:56:45]} Bd7 {[%clk 0:58:18]} 9. a4 {[%clk 0:56:28]} a6 {[%clk
0:57:21]} 10. Qb3 {[%clk 0:55:51]} Qe7 {[%clk 0:56:51]} 11. Bb2 {[%clk
0:47:11]} Rf8 {[%clk 0:55:36]} 12. d4 {[%clk 0:35:30]} exd4 {[%clk 0:54:39]}
13. cxd4 {[%clk 0:34:57]} O-O-O {[%clk 0:54:21]} 14. d5 {[%clk 0:27:36]} Ne5
{[%clk 0:54:01]} 15. Nxe5 {[%clk 0:27:05]} dxe5 {[%clk 0:53:50]} 16. b5 {[%clk
0:26:06]} a5 {[%clk 0:53:31]} 17. Rac1 {[%clk 0:18:47]} g5 {[%clk 0:53:06]} 18.
Bd3 {[%clk 0:17:36]} h5 {[%clk 0:52:16]} 19. Ba3 {[%clk 0:17:26]} Qe8 {[%clk
0:51:19]} 20. Bxf8 {[%clk 0:16:57]} Qxf8 {[%clk 0:51:12]} 21. Nc4 {[%clk
0:16:28]} Bd4 {[%clk 0:49:36]} 22. Nxa5 {[%clk 0:13:19]} Qd6 {[%clk 0:48:29]}
23. Nc4 {[%clk 0:12:55]} Qf8 {[%clk 0:48:01]} 24. a5 {[%clk 0:12:07]} Kb8
{[%clk 0:47:33]} 25. a6 {[%clk 0:11:05]} b6 {[%clk 0:47:23]} 26. Qa4 {[%clk
0:09:57]} Ka7 {[%clk 0:46:58]} 27. Nd2 {[%clk 0:08:59]} Rc8 {[%clk 0:46:35]}
28. Nf3 {[%clk 0:08:42]} Bc5 29. Nxe5 Qe8 {[%clk 0:45:19]} 30. Nxd7 {[%clk
0:07:03]} Qxd7 {[%clk 0:45:08]} 31. Qb3 {[%clk 0:04:22]} Qd6 {[%clk 0:44:20]}
32. Qc3 {[%clk 0:03:21]} Nd7 {[%clk 0:43:42]} 33. Be2 {[%clk 0:03:01]} g4
{[%clk 0:43:23]} 34. Qg3 {[%clk 0:02:33]} Qxg3 {[%clk 0:43:15]} 35. hxg3 {[%clk
0:02:28]} Rh8 {[%clk 0:42:42]} 36. Kh2 {[%clk 0:02:13]} Nf6 {[%clk 0:41:57]}
37. f3 {[%clk 0:02:06]} h4 {[%clk 0:41:20]} 38. Rxc5 {[%clk 0:01:46]} bxc5
{[%clk 0:41:07]} 39. gxh4 {[%clk 0:01:43]} Rxh4+ {[%clk 0:40:42]} 40. Kg3
{[%clk 0:01:41]} Rh7 {[%clk 0:40:21]} 41. fxg4 {[%clk 0:01:35]} Nxe4+ {[%clk
0:40:13]} 42. Kf4 {[%clk 0:01:28]} Nd2 {[%clk 0:39:52]} 43. Rd1 {[%clk
0:01:16]} Nb3 {[%clk 0:39:37]} 44. Bc4 {[%clk 0:01:12]} Na5 {[%clk 0:39:28]}
45. Bd3 {[%clk 0:01:11]} c4 {[%clk 0:39:20]} 46. Bxh7 {[%clk 0:01:07]} Nb3
{[%clk 0:38:56]} 47. d6 {[%clk 0:01:03]} cxd6 {[%clk 0:38:42]} 48. Rxd6 {[%clk
0:01:00]} c3 {[%clk 0:38:34]} 49. Rd7+ {[%clk 0:00:59]} Kb6 {[%clk 0:38:23]}
50. a7 {[%clk 0:00:53]} c2 {[%clk 0:38:20]} 51. Bxc2 {[%clk 0:00:51]} Nc5
{[%clk 0:37:49]} 52. a8=Q {[%clk 0:00:41]} Ne6+ {[%clk 0:37:47]} 53. Kf3 {[%clk
0:00:36]} Ng5+ {[%clk 0:37:41]} 54. Kf2 {[%clk 0:00:34]} Kc5 {[%clk 0:37:17]}
55. Qc6+ {[%clk 0:00:32]} Kb4 {[%clk 0:37:04]} 56. Rd4+ {[%clk 0:00:31]} Ka3
{[%clk 0:36:46]} 57. Qa6+ {[%clk 0:00:29]} Kb2 {[%clk 0:36:35]} 58. Qa4 {[%clk
0:00:26]} Ne4+ {[%clk 0:36:26]} 59. Rxe4 {[%clk 0:00:23]} f5 {[%clk 0:36:19]}
60. Qb3+ {[%clk 0:00:20]} Kc1 {[%clk 0:36:11]} 61. Re1+ {[%clk 0:00:17]} Kd2
{[%clk 0:36:02]} 62. Qd3# 1-0

[Event "DVM U10 2016"]
[Site "Magdeburg GER"]
[Date "2016.12.29"]
[Round "6"]
[White "Milzow, Marvin"]
[Black "Garner, Isaac"]
[Result "0-1"]
[Termination "normal"]
[Board "2.4"]
[WhiteElo "1045"]
[BlackElo "1198"]
[WhiteClock "00:26:45"]
[BlackClock "00:32:20"]
[WhiteTeam "SC Eintracht Berlin"]
[BlackTeam "Hamburger SK 1"]
[PlyCount "70"]
[WhiteFideId "16274300"]
[BlackFideId "16239261"]
[EventCountry "GER"]
[EventRounds "7"]
[EventType "team-swiss"]
[EventDate "2016.12.27"]

1. e4 {[%clk 0:59:58]} e5 {[%clk 0:59:51]} 2. f4 {[%clk 0:59:51]} Bc5 {[%clk
0:59:45]} 3. Nf3 {[%clk 0:59:42]} d6 {[%clk 0:59:33]} 4. Bc4 {[%clk 0:59:08]}
Nc6 {[%clk 0:59:16]} 5. Nc3 {[%clk 0:58:29]} Bg4 {[%clk 0:58:45]} 6. h3 {[%clk
0:56:26]} Bxf3 {[%clk 0:58:14]} 7. Qxf3 {[%clk 0:56:06]} Nd4 {[%clk 0:57:45]}
8. Qd1 {[%clk 0:55:24]} Qh4+ {[%clk 0:57:18]} 9. Kf1 {[%clk 0:54:06]} Qxf4+
{[%clk 0:56:09]} 10. Ke1 {[%clk 0:53:38]} Qg3+ {[%clk 0:53:00]} 11. Kf1 {[%clk
0:52:17]} Nxc2 {[%clk 0:52:29]} 12. Qe2 {[%clk 0:50:51]} Qf4+ {[%clk 0:49:18]}
13. Qf3 {[%clk 0:50:23]} Qxf3+ {[%clk 0:49:12]} 14. gxf3 {[%clk 0:50:21]} Nxa1
{[%clk 0:49:00]} 15. Nd5 {[%clk 0:49:33]} O-O-O {[%clk 0:47:26]} 16. Bd3 {[%clk
0:48:32]} c6 {[%clk 0:46:49]} 17. Nc3 {[%clk 0:48:15]} d5 {[%clk 0:46:23]} 18.
exd5 {[%clk 0:47:52]} cxd5 {[%clk 0:46:03]} 19. Bf5+ {[%clk 0:47:29]} Kb8
{[%clk 0:45:43]} 20. b3 {[%clk 0:46:37]} d4 {[%clk 0:45:24]} 21. Ne4 {[%clk
0:46:13]} Bb6 {[%clk 0:45:02]} 22. Ng5 {[%clk 0:45:50]} Nh6 {[%clk 0:44:32]}
23. Be4 {[%clk 0:45:05]} d3 {[%clk 0:43:36]} 24. Bb2 {[%clk 0:43:41]} Nc2
{[%clk 0:42:45]} 25. Bxe5+ {[%clk 0:43:20]} Bc7 {[%clk 0:42:34]} 26. Bxg7
{[%clk 0:42:39]} f5 {[%clk 0:37:21]} 27. Bxh6 {[%clk 0:35:35]} fxe4 {[%clk
0:36:43]} 28. Nf7 {[%clk 0:34:34]} exf3 {[%clk 0:35:56]} 29. Nxd8 {[%clk
0:34:08]} Rxd8 {[%clk 0:35:40]} 30. Kf2 {[%clk 0:32:28]} Rd6 {[%clk 0:33:58]}
31. Rg1 {[%clk 0:29:07]} Bb6+ {[%clk 0:33:49]} 32. Be3 {[%clk 0:28:58]} Nxe3
{[%clk 0:33:39]} 33. dxe3 {[%clk 0:28:44]} d2 {[%clk 0:33:28]} 34. Rd1 {[%clk
0:28:14]} Re6 {[%clk 0:32:53]} 35. Kxf3 {[%clk 0:26:45]} Rxe3+ {[%clk 0:32:20]}
0-1

[Event "DVM U10 2016"]
[Site "Magdeburg GER"]
[Date "2016.12.29"]
[Round "6"]
[White "Hommer, Jeremy"]
[Black "Bungarten, Jona"]
[Result "0-1"]
[Termination "normal"]
[Board "3.1"]
[WhiteElo "1811"]
[BlackElo "1716"]
[WhiteClock "00:02:40"]
[BlackClock "00:17:52"]
[WhiteTeam "SC Turm Lüneburg"]
[BlackTeam "SF Brackel"]
[PlyCount "64"]
[WhiteFideId "12992577"]
[BlackFideId "16223608"]
[EventCountry "GER"]
[EventRounds "7"]
[EventType "team-swiss"]
[EventDate "2016.12.27"]

1. g3 {[%clk 0:59:58]} d5 {[%clk 0:59:36]} 2. Bg2 {[%clk 0:59:52]} e5 {[%clk
0:59:20]} 3. c4 {[%clk 0:59:42]} d4 {[%clk 0:59:01]} 4. d3 {[%clk 0:59:16]}
Bb4+ {[%clk 0:58:49]} 5. Nd2 {[%clk 0:58:08]} a5 {[%clk 0:58:32]} 6. a3 {[%clk
0:56:57]} Be7 {[%clk 0:58:07]} 7. Ngf3 {[%clk 0:55:17]} Nc6 {[%clk 0:57:15]} 8.
b3 {[%clk 0:47:51]} Nf6 {[%clk 0:55:39]} 9. O-O {[%clk 0:46:51]} O-O {[%clk
0:55:24]} 10. Bb2 {[%clk 0:41:40]} Bf5 {[%clk 0:53:54]} 11. Ne1 {[%clk
0:37:11]} Bc5 {[%clk 0:52:10]} 12. Ne4 Nxe4 {[%clk 0:50:48]} 13. dxe4 {[%clk
0:35:08]} Bg6 {[%clk 0:50:00]} 14. Nd3 {[%clk 0:34:53]} Qd6 {[%clk 0:48:35]}
15. Qd2 {[%clk 0:32:31]} Rfe8 {[%clk 0:45:27]} 16. Rfd1 {[%clk 0:29:01]} Ra6
{[%clk 0:40:30]} 17. Qc2 {[%clk 0:16:34]} h6 {[%clk 0:34:45]} 18. Kf1 {[%clk
0:12:23]} Kf8 {[%clk 0:31:07]} 19. Bc1 {[%clk 0:07:57]} Rb6 {[%clk 0:29:14]}
20. e3 {[%clk 0:06:46]} Kg8 {[%clk 0:26:21]} 21. Nxc5 {[%clk 0:04:48]} Qxc5
{[%clk 0:26:04]} 22. Qd3 {[%clk 0:04:27]} Rd8 {[%clk 0:24:58]} 23. Qc2 {[%clk
0:04:00]} Rd6 {[%clk 0:23:42]} 24. Bb2 {[%clk 0:03:59]} Rf6 {[%clk 0:22:41]}
25. exd4 {[%clk 0:03:52]} Nxd4 {[%clk 0:22:16]} 26. Bxd4 {[%clk 0:03:51]} exd4
{[%clk 0:22:01]} 27. Qd3 {[%clk 0:03:37]} Rfd6 {[%clk 0:21:20]} 28. Rab1 {[%clk
0:03:36]} Qxa3 {[%clk 0:20:35]} 29. Rdc1 {[%clk 0:03:17]} Qc5 {[%clk 0:20:07]}
30. f4 {[%clk 0:02:44]} Rf6 {[%clk 0:19:18]} 31. Re1 {[%clk 0:02:43]} Rbd6
{[%clk 0:18:01]} 32. e5 {[%clk 0:02:40]} Bxd3+ {[%clk 0:17:52]} 0-1

[Event "DVM U10 2016"]
[Site "Magdeburg GER"]
[Date "2016.12.29"]
[Round "6"]
[White "Stych, Paul"]
[Black "Bildat, Emilia"]
[Result "1/2-1/2"]
[Termination "normal"]
[Board "3.2"]
[WhiteElo "1136"]
[BlackElo "1294"]
[WhiteClock "00:18:35"]
[BlackClock "00:13:53"]
[WhiteTeam "SF Brackel"]
[BlackTeam "SC Turm Lüneburg"]
[PlyCount "45"]
[WhiteFideId "16255615"]
[BlackFideId "16218140"]
[EventCountry "GER"]
[EventRounds "7"]
[EventType "team-swiss"]
[EventDate "2016.12.27"]

1. e4 {[%clk 0:59:59]} e5 {[%clk 0:59:54]} 2. Nf3 {[%clk 0:59:55]} Nc6 {[%clk
0:59:45]} 3. Bc4 {[%clk 0:59:50]} Be7 {[%clk 0:59:30]} 4. Nc3 {[%clk 0:59:29]}
Nf6 {[%clk 0:59:02]} 5. d4 {[%clk 0:58:09]} exd4 {[%clk 0:58:40]} 6. Nxd4
{[%clk 0:58:02]} O-O {[%clk 0:56:12]} 7. O-O {[%clk 0:57:52]} d6 {[%clk
0:55:19]} 8. Nf5 {[%clk 0:56:28]} Bxf5 {[%clk 0:51:31]} 9. exf5 {[%clk
0:56:03]} Qd7 {[%clk 0:50:49]} 10. Bd3 {[%clk 0:54:20]} Ne5 {[%clk 0:49:44]}
11. f4 {[%clk 0:51:30]} Nxd3 {[%clk 0:46:37]} 12. Qxd3 {[%clk 0:51:18]} d5
{[%clk 0:43:05]} 13. Kh1 {[%clk 0:43:03]} Rfe8 {[%clk 0:41:38]} 14. Bd2 {[%clk
0:39:30]} Bc5 {[%clk 0:38:56]} 15. Rae1 {[%clk 0:36:49]} Rxe1 {[%clk 0:36:14]}
16. Rxe1 {[%clk 0:35:10]} Ng4 {[%clk 0:33:34]} 17. Nd1 {[%clk 0:32:25]} Re8
{[%clk 0:25:09]} 18. Qg3 {[%clk 0:25:51]} h5 {[%clk 0:21:02]} 19. h3 {[%clk
0:23:37]} Rxe1+ {[%clk 0:17:37]} 20. Bxe1 {[%clk 0:23:19]} Nf6 {[%clk 0:16:21]}
21. b4 {[%clk 0:20:44]} Bd6 {[%clk 0:15:33]} 22. Qg5 {[%clk 0:19:27]} c5 {[%clk
0:13:53]} 23. a3 {[%clk 0:18:35]} 1/2-1/2